Statistics for Pokemon Types - Quiz

Click here to take the quiz!

General Stats

  • This quiz has been taken 20 times
  • The average score is 10 of 18

Answer Stats

Number of PokemonType% Correct
114Normal
86%
131Water
86%
70Fire
71%
101Grass
71%
54Dark
64%
68Ground
64%
68Poison
64%
104Flying
57%
90Psychic
57%
54Steel
57%
80Bug
50%
59Electric
50%
50Fairy
50%
40Ice
50%
64Rock
50%
51Dragon
43%
46Ghost
36%
57Fighting
29%

Score Distribution

Percentile by Number Answered

Percent of People with Each Score

Your Score History

You have not taken this quiz